Books in series : original, reprinted, in-print, and out-of-print books, published or distributed in the U.S. in popular, scholarly and professional series.

Bibliographic Details
Corporate Authors: R.R. Bowker Company. Department of Bibliography, R.R. Bowker Company. Publications Systems Department
Format: Book
Language:English
Published: New York : Bowker, [1980]
Edition:3rd ed.
Subjects:

MARC

Tag First Indicator Second Indicator Subfields
LEADER 00000cam a2200000 a 4500
001 in00000643521
005 20151015064101.0
008 810115s1980 nyu bc 00000 engmd
010 |z  76041665  
020 |a 0835213145 
035 |a (OCoLC)07063731 
035 |9 ACW2295AM 
040 |a XAV  |c XAV  |d TXA  |d UtOrBLW 
043 |a n-us--- 
049 |a TXAF  |v 1 [983816]  |v 2 [983817]  |v 3 [983818] 
090 |a Z1036  |b .B7 1980 
245 0 0 |a Books in series :  |b original, reprinted, in-print, and out-of-print books, published or distributed in the U.S. in popular, scholarly and professional series. 
250 |a 3rd ed. 
264 1 |a New York :  |b Bowker,  |c [1980] 
264 4 |c ©1980 
300 |a 3 volumes (xi, 6563 pages) ;  |c 29 cm. 
336 |a text  |b txt  |2 rdacontent 
337 |a unmediated  |b n  |2 rdamedia 
338 |a volume  |b nc  |2 rdacarrier 
500 |a Prepared by R.R. Bowker Company's Department of Bibliography in collaboration with the Publication Systems Department. 
500 |a Coverage dates: 1950-1980. 
500 |a First 2 eds. published under title: Books in series in the United States. 
505 0 |a v. 1. Pt. 1. Series heading index. Subject index to series. Pt. 2. Series. Key to publishers' and distributors' abbreviations. Directory of publishers and distributors -- v. 2. Authors -- v. 3. Titles. 
650 0 |a Booksellers' catalogs  |z United States. 
650 0 |a Series (Publications) 
650 0 |a Monographic series  |v Bibliography  |v Catalogs. 
650 0 |a Reprints (Publications)  |x Bibliography  |x Catalogs. 
650 0 |a Out-of-print books  |v Bibliography  |v Catalogs. 
651 0 |a United States  |v Imprints  |x Catalogs. 
710 2 |a R.R. Bowker Company.  |b Department of Bibliography. 
710 2 |a R.R. Bowker Company.  |b Publications Systems Department. 
999 |a MARS 
999 f f |s 13c2e5db-bad1-3d8d-87d4-2573de734a12  |i cf0ec78f-92a2-3b69-8fbe-e3515f7e1c14  |t 0 
952 f f |p ric  |a Texas A&M University  |b Rellis Campus  |c Joint Library Facility  |d Remote Storage  |t 0  |e Z1036 .B7 1980  |h Library of Congress classification  |i unmediated -- volume  |k v.1  |m A14842730047 
952 f f |p ric  |a Texas A&M University  |b Rellis Campus  |c Joint Library Facility  |d Remote Storage  |t 0  |e Z1036 .B7 1980  |h Library of Congress classification  |i unmediated -- volume  |k v.3  |m A14842730062 
952 f f |p ric  |a Texas A&M University  |b Rellis Campus  |c Joint Library Facility  |d Remote Storage  |t 0  |e Z1036 .B7 1980  |h Library of Congress classification  |i unmediated -- volume  |k v.2  |m A14842730054 
998 f f |a Z1036 .B7 1980  |s v.1-v.3  |t 0  |l Remote Storage